Normal view
MARC view
- Fernández Lamarra, Norberto
Entry Nombre Personal
001 - NUMERO DE CONTROL
- campo de control: 36809
003 - IDENTIFICADOR DE NUMERO DE CONTROL
- campo de control: UPN
005 - FECHA Y HORA DE LA ÜLTIMA TRANSACCIÓN
- campo de control: 20210219194518.0
008 - DATOS DE LONGITUD FIJA
- campo de control de longitud fija: nabaccnnaabn|||||||||| b |nc|||||d
035 ## - NUMERO DE CONTROL
- Número de control: UPN11000008916
040 ## - FUENTE DE CATALOGACIÓN
- Lenguaje de catalogación: SPA
- Agencia de transcripción: UPN
100 1# - ENCABEZAMIENTO - NOMBRE PERSONAL
- Nombre personal: Fernández Lamarra, Norberto
670 ## - FUENTE EN LA QUE SE LOCALIZARON DATOS
- Cita de la fuente: T
- Información localizada: Hacia una nueva agenda de la educación superior en América Latina
680 ## - NOTA PUBLICA DE ACCESO PÚBLICO
- Frase explicativa de la referencia: Director de Posgrados de la Universidad Nacional de Tres de Febrero donde, además, dirige el Núcleo Interdisciplinario de Formación y Estudios para el Desarrollo de la Educación y el Programa de Posgrados en Políticas y Administración de la Educación
902 ## - CATALOGADOR
- Catalogador: MCM/170415
